Statistiques concernant La Bible - L'ordre des 10 plaies d'Egypte

Cliquez ici pour prendre le quiz!

Statistiques générales

  • Ce quiz a été pris 184 fois
  • Le résultat moyen est 10 sur 10

Statistiques - réponses

PlaieOrdre% Correct
La mort des premiers-nés10
98%
Les ténèbres9
98%
Les eaux du fleuve en sang1
97%
Les grenouilles2
96%
Les poux/moustiques3
96%
Les mouches vénimeuses4
95%
La mort des troupeaux5
95%
Les ulcères/furoncles6
95%
La grêle7
95%
Les sauterelles8
95%

Distribution des résultats

Percentile par nombre de réponses

% des personnes avec chaque résultat

Votre développement - résultats

Vous n’avez pas pris ce quiz